000 01367 a2200241 4500
003 OSt
005 20180116192340.0
008 120524t xxu||||| |||| 00| 0 eng d
010 _a 2008030265
020 _a9780838909782 (alk. paper)
040 _c0
082 0 0 _a727.8
100 1 _aSannwald, William W.
_91986
245 1 0 _aChecklist of library building design considerations /
_cWilliam W. Sannwald.
250 _a5th ed.
260 _aChicago :
_bAmerican Library Association,
_c2009.
300 _aviii, 211 p. ;
_c28 cm.
505 0 _aBuilding planning and architecture -- Library site selection -- Sustainable design -- General exterior considerations -- Interior organization of library buildings -- Compliance with ADA accessibility guidelines -- Telecommunications, electrical, and miscellaneous equipment -- Interior design and finishes -- Materials handling and storage : book stacks and shelving -- Building systems -- Safety and security -- Maintenance of library buildings and property -- Building occupancy and post-occupancy evaluation -- Groundbreaking and dedication ceremonies.
650 0 _aLibrary architecture
_zUnited States.
_91987
856 4 1 _3Table of contents only
_uhttp://www.loc.gov/catdir/toc/ecip0823/2008030265.html
942 _aSADA
_cBK
_k727.8 SAN 2009
_2ddc
999 _c352627
_d352627